LEADER 01541nam a2200253 i 4500 001 000000255031 003 CaOOAMICUS 005 20200519142434.0 008 170719s1739 it u000 u ita u 013 $a233936 026 $am-r- t.ur 5.0. chTe (7) 1739 (R) 040 $aSeMil$bita 110 2 $aConfraternita della SS. Risurrezione di Nostro Signore Gesù Cristo .$0(OLS)http://semarc/name/94409 245 10$aInstromento, regole, e capitoli da osservarsi da confratelli, e consorelle ascritti alla Ven.da Archiconfraternita della Santiss.ma Risurrezione di Nostro Signore Gesù Cristo eretta nella Chiesa di S. Rocco delli Miracoli a P. V. 260 $aIn Milano :$bNella Stamperia de' Fratelli Camagni alla Rosa,$c1739. 300 $a29, [1] p. ;$c8°. 500 $aSegn.: A-B8 (-A1, B8). 650 4$aCongregazioni e confraternite religiose - Milano - Sec. 16.-18.$0(OLS)http://semarc/subject/49109 700 0 $aCamagni fratelli .$0(OLS)http://semarc/name/93276 850 $aSeMil 852 $aSeMil$W1$xVenegono$y1$m3Z I 2/12 FA$j205377$B205377$CSeMilBibl$Z2$F218748 $8I 996 $6245$aInstromento, regole, e capitoli da osservarsi da confratelli, e consorelle ascritti alla Ven.da Archiconfraternita della Santiss.ma Risurrezione di Nostro Signore Gesù Cristo eretta nella Chiesa di S. Rocco delli Miracoli a P. V$9(OLS)http://semarc/title/411384 996 $6260$aIn Milano :$bNella Stamperia de' Fratelli Camagni alla Rosa$9(OLS)http://semarc/publisher/57555 LEADER 01074nam a2200253 i 4500 001 000000049101 003 CaOOAMICUS 005 20120702000000.0 008 120702s1994 it u000 u ita u 013 $a20271 040 $aSeMil$bita 100 1 $aPadovese, Luciano.$0(OLS)http://semarc/name/18494 245 10$aPer un'etica della responsabilità :$bdalla questione morale alla radicalità cristiana /$cLuciano Padovese. 260 $aPordenone :$bConcordia Sette,$c1994. 300 $a146 p. ;$c21 cm. 490 0 $aArgomenti ;$v1 500 $aContiene : Nota bibliografica. 650 4$aEtica e morale.$0(OLS)http://semarc/subject/612 830 0$aArgomenti ;$v1.$0(OLS)http://semarc/title/7375 850 $aSeMil 852 $aSeMil$W1$xVenegono$y1$m2E II 309$j15256$B15256$CSeMilBibl$Z2$F15256 $81 961 $aOmaggio: Scuola Cattolica 996 $6245$aPer un'etica della responsabilità :$bdalla questione morale alla radicalità cristiana$9(OLS)http://semarc/title/74530 996 $6260$aPordenone :$bConcordia Sette$9(OLS)http://semarc/publisher/33346